[Event "Constantine Cirta op"]
[Site "Constantine"]
[Date "2017.10.21"]
[Round "5"]
[White "Aknouche, Amer"]
[Black "Boukazata, Djamel"]
[Result "1-0"]
[WhiteElo "2063"]
[BlackElo "1803"]
[PlyCount "61"]
[EventDate "2017.10.19"]
[EventType "swiss"]
[EventRounds "5"]
[EventCountry "ALG"]
[SourceTitle "CBM 181 Extra"]
[Source "ChessBase"]
[SourceDate "2017.12.12"]
[SourceVersion "1"]
[SourceVersionDate "2017.12.12"]
[SourceQuality "1"]

1. d4 f5 2. c4 Nf6 3. Nc3 e6 4. a3 c6 5. Bf4 d5 6. e3 Bd6 7. Bxd6 Qxd6 8. Nf3 Nbd7 9. Bd3 0-0 10. b4 Ne4 11. Rc1 a5 12. c5 Qc7 13. Qb3 b6 14. cxb6 Nxb6 15. Ne5 Bb7 16. Nb5 Qe7 17. Nxc6 Qg5 18. Bxe4 fxe4 19. 0-0 a4 20. Qb1 Nc4 21. Rxc4 dxc4 22. Ne5 Bd5 23. Nc3 Rf6 24. Nxe4 Bxe4 25. Qxe4 Rc8 26. Qb7 Rff8 27. Qa6 Qf5 28. Nxc4 Kh8 29. Nd6 Qxf2+ 30. Rxf2 Rc1+ 31. Rf1 1-0

[Event "ALG-chT"]
[Site "Oran"]
[Date "2017.09.21"]
[Round "6.1"]
[White "Aknouche, Amer"]
[Black "Miloudi, Badis"]
[Result "1-0"]
[WhiteElo "2058"]
[BlackElo "1835"]
[PlyCount "63"]
[EventDate "2017.09.18"]
[EventType "team-swiss"]
[EventRounds "9"]
[EventCountry "ALG"]
[SourceTitle "CBM 180 Extra"]
[Source "ChessBase"]
[SourceDate "2017.10.06"]
[SourceVersion "1"]
[SourceVersionDate "2017.10.06"]
[SourceQuality "1"]
[WhiteTeam "CEC"]
[BlackTeam "USB"]
[WhiteTeamCountry "ALG"]
[BlackTeamCountry "ALG"]

1. d4 Nf6 2. Nf3 d6 3. Nbd2 g6 4. e4 Bg7 5. Bd3 0-0 6. 0-0 Nh5 7. Nc4 c6 8. Re1 b5 9. Ne3 Nd7 10. c3 a6 11. Nf1 e5 12. Bg5 f6 13. Be3 Qe8 14. Ng3 Nf4 15. Bf1 Rf7 16. a4 Nf8 17. axb5 cxb5 18. c4 Bd7 19. c5 dxc5 20. dxe5 fxe5 21. Bxc5 Bg4 22. Ra3 N8e6 23. b4 Ng5 24. Nxg5 Bxd1 25. Nxf7 Ba4 26. Nd6 Qc6 27. Rxa4 bxa4 28. Bc4+ Kf8 29. Ndf5+ Qxc5 30. bxc5 gxf5 31. Nxf5 Rc8 32. Rb1 1-0

[Event "ALG-chT"]
[Site "Oran"]
[Date "2017.09.19"]
[Round "4.1"]
[White "Benhadi, Aziz Madani"]
[Black "Aknouche, Amer"]
[Result "1-0"]
[WhiteElo "2079"]
[BlackElo "2058"]
[PlyCount "109"]
[EventDate "2017.09.18"]
[EventType "team-swiss"]
[EventRounds "9"]
[EventCountry "ALG"]
[SourceTitle "CBM 180 Extra"]
[Source "ChessBase"]
[SourceDate "2017.10.06"]
[SourceVersion "1"]
[SourceVersionDate "2017.10.06"]
[SourceQuality "1"]
[WhiteTeam "ASEC"]
[BlackTeam "CEC"]
[WhiteTeamCountry "ALG"]
[BlackTeamCountry "ALG"]

1. e4 c5 2. Nf3 Nc6 3. d4 cxd4 4. c3 Nf6 5. e5 Nd5 6. Bc4 Nc7 7. Bf4 Ne6 8. Bg3 d5 9. exd6 exd6 10. cxd4 d5 11. Bb3 Bb4+ 12. Nc3 0-0 13. 0-0 Ne7 14. Qd3 Bxc3 15. bxc3 Nc7 16. Rfe1 Ne6 17. Re5 f6 18. Re3 Ng6 19. Rae1 Nef4 20. Qb5 a6 21. Qb4 a5 22. Qb5 a4 23. Bxa4 Bf5 24. Bb3 Kh8 25. Nh4 Nxh4 26. Bxh4 Ng6 27. Bg3 Be4 28. f3 f5 29. fxe4 f4 30. Rf3 fxg3 31. hxg3 Rxf3 32. gxf3 Qg5 33. Kf2 Rf8 34. exd5 Qd2+ 35. Qe2 Qxc3 36. Qe3 Qc7 37. Kg2 Qd6 38. Qg5 Qb4 39. Re4 Qc3 40. Qe3 Qc8 41. Re6 Rd8 42. Qg5 Rf8 43. d6 Qc3 44. Qe3 Qb2+ 45. Qf2 Qc1 46. Qe3 Qb2+ 47. Kh3 Qb1 48. Kg2 Qb2+ 49. Qf2 Qc1 50. d7 Qg5 51. Qe3 Nh4+ 52. Kf2 Nxf3 53. Re8 Qf6 54. Rxf8+ Qxf8 55. Qe8 1-0

[Event "ALG-ch sf"]
[Site "Algiers"]
[Date "2015.01.01"]
[Round "5"]
[White "Aknouche, Amer"]
[Black "Belouadah, Saad"]
[Result "0-1"]
[WhiteElo "2061"]
[BlackElo "2305"]
[PlyCount "94"]
[EventDate "2014.12.30"]
[EventType "swiss"]
[EventRounds "9"]
[EventCountry "ALG"]
[SourceTitle "CBM 164 Extra"]
[Source "ChessBase"]
[SourceDate "2015.03.02"]
[SourceVersion "1"]
[SourceVersionDate "2015.03.02"]
[SourceQuality "1"]

1. d4 d6 2. Nf3 Nf6 3. Nbd2 g6 4. e3 Bg7 5. Be2 0-0 6. 0-0 Nbd7 7. c3 e5 8. dxe5 dxe5 9. e4 Qe7 10. a4 a5 11. Qc2 b6 12. Re1 Bb7 13. b3 Rfd8 14. Ba3 Qe8 15. Rad1 Bf8 16. Bxf8 Qxf8 17. Bf1 Qe7 18. Nc4 Ne8 19. Ne3 Ndf6 20. Nd2 Qc5 21. Be2 Ng7 22. Bf3 Ne6 23. Ng4 Ne8 24. Ne3 Nf4 25. Ndf1 Nf6 26. h3 h5 27. Kh2 Kg7 28. g3 Ne6 29. Nd2 Rd6 30. Ndc4 Rxd1 31. Rxd1 Ng5 32. Bg2 Bxe4 33. Bxe4 Ngxe4 34. Rf1 Re8 35. f4 exf4 36. gxf4 Nd6 37. Qd3 Re4 38. Rf3 Nxc4 39. Nxc4 Qd5 40. Qf1 b5 41. axb5 a4 42. Qd3 Qxb5 43. Nd2 Re2+ 44. Kg1 Qxd3 45. Rxd3 a3 46. b4 a2 47. Nb3 Rb2 0-1

[Event "ALG-ch sf"]
[Site "Algiers"]
[Date "2014.12.31"]
[Round "3"]
[White "Talbi, Chafik"]
[Black "Aknouche, Amer"]
[Result "1/2-1/2"]
[WhiteElo "2240"]
[BlackElo "2061"]
[PlyCount "68"]
[EventDate "2014.12.30"]
[EventType "swiss"]
[EventRounds "9"]
[EventCountry "ALG"]
[SourceTitle "CBM 164 Extra"]
[Source "ChessBase"]
[SourceDate "2015.03.02"]
[SourceVersion "1"]
[SourceVersionDate "2015.03.02"]
[SourceQuality "1"]

1. e4 c5 2. Nf3 Nc6 3. c3 Nf6 4. e5 Nd5 5. g3 e6 6. Bg2 Be7 7. 0-0 d6 8. exd6 Qxd6 9. Na3 a6 10. Nc4 Qc7 11. d4 cxd4 12. Nxd4 Nxd4 13. Qxd4 Bf6 14. Qd3 0-0 15. Ne3 Nxe3 16. Bxe3 Bd7 17. Rfd1 Bc6 18. Qd6 Qxd6 19. Rxd6 Bxg2 20. Kxg2 Rfd8 21. Rad1 Rxd6 22. Rxd6 Rd8 23. Rxd8+ Bxd8 24. c4 Kf8 25. Kf3 Ke8 26. Ke4 Kd7 27. g4 Kc6 28. b3 Be7 29. f3 Bf8 30. h3 Bd6 31. Bd4 Bf8 32. Kd3 b5 33. Kc3 f6 34. Kd3 Be7 1/2-1/2

[Event "Arab Clubs-chT"]
[Site "Monastir"]
[Date "2013.11.07"]
[Round "5.3"]
[White "Kardo Ako, Mohammad"]
[Black "Aknouche, Amer"]
[Result "0-1"]
[WhiteElo "2070"]
[BlackElo "2077"]
[PlyCount "92"]
[EventDate "2013.11.04"]
[EventType "team-tourn"]
[EventRounds "9"]
[EventCountry "TUN"]
[SourceTitle "EXT 2014"]
[Source "ChessBase"]
[SourceDate "2013.11.20"]
[SourceVersion "1"]
[SourceVersionDate "2013.11.20"]
[SourceQuality "1"]
[WhiteTeam "Khanzad"]
[BlackTeam "CEC"]
[WhiteTeamCountry "IRQ"]
[BlackTeamCountry "ALG"]

1. Nf3 Nf6 2. c4 d6 3. g3 e5 4. d3 Be7 5. Bg2 0-0 6. Nc3 c6 7. 0-0 Bg4 8. b4 Qc8 9. Bd2 Bh3 10. Rb1 Bxg2 11. Kxg2 Nbd7 12. Qb3 h6 13. Nh4 Re8 14. Nf5 Bf8 15. e4 Re6 16. Rbe1 c5 17. a3 Kh7 18. f4 exf4 19. gxf4 Ng8 20. Nd5 Ndf6 21. bxc5 dxc5 22. Bc3 Nxd5 23. cxd5 Rb6 24. Qa2 Qd7 25. Rf3 Rc8 26. Rg3 Nf6 27. Rg1 Nh5 28. Rf3 Ra6 29. Ng3 Nxg3 30. Rxg3 c4 31. Kh1 g6 32. f5 cxd3 33. fxg6+ fxg6 34. Rxd3 Rxa3 35. Qd2 Qa4 36. Qe3 Qc2 37. Qg3 g5 38. Qe5 Raxc3 39. Qf5+ Kh8 40. Rdd1 Bg7 41. d6 Rf8 42. d7 Rxf5 43. d8Q+ Rf8 44. Qe7 Rcc8 45. Qe6 Qc4 46. Rd5 Rce8 0-1

[Event "ALG-chT"]
[Site "Algiers"]
[Date "2013.08.25"]
[Round "8.2"]
[White "Aknouche, Amer"]
[Black "Bentounsi, Abderahim"]
[Result "1/2-1/2"]
[WhiteElo "2076"]
[BlackElo "1913"]
[PlyCount "43"]
[EventDate "2013.08.21"]
[EventType "team-swiss"]
[EventRounds "9"]
[EventCountry "ALG"]
[SourceTitle "CBM 156 Extra"]
[Source "ChessBase"]
[SourceDate "2013.10.22"]
[SourceVersion "1"]
[SourceVersionDate "2013.10.22"]
[SourceQuality "1"]
[WhiteTeam "Constantine CEC"]
[BlackTeam "Constantine CEA"]
[WhiteTeamCountry "ALG"]
[BlackTeamCountry "ALG"]

1. d4 Nf6 2. Nf3 d5 3. Ne5 Nbd7 4. e3 g6 5. Bd3 Bg7 6. 0-0 Nxe5 7. dxe5 Ng4 8. f4 0-0 9. h3 Nh6 10. e4 dxe4 11. Bxe4 Qxd1 12. Rxd1 Bf5 13. Nc3 Bxe4 14. Nxe4 Rad8 15. Be3 Nf5 16. Bf2 e6 17. g4 Nh6 18. Bh4 Rd5 19. Nf6+ Bxf6 20. Bxf6 b5 21. Bg5 Kg7 22. Bf6+ 1/2-1/2

[Event "ALG-ch"]
[Site "Algiers"]
[Date "2013.05.01"]
[Round "6"]
[White "Aknouche, Amer"]
[Black "Haddouche, Mohamed Amine"]
[Result "0-1"]
[WhiteElo "2110"]
[BlackElo "2464"]
[PlyCount "58"]
[EventDate "2013.04.27"]
[EventType "tourn"]
[EventRounds "9"]
[EventCountry "ALG"]
[SourceTitle "CBM 154 Extra"]
[Source "ChessBase"]
[SourceDate "2013.06.25"]
[SourceVersion "2"]
[SourceVersionDate "2013.06.25"]
[SourceQuality "1"]

1. c4 g6 2. f3 Bg7 3. d4 d6 4. e4 Nf6 5. Nc3 0-0 6. Be3 Nc6 7. Qd2 a6 8. 0-0-0 Re8 9. Bh6 Bh8 10. h4 e5 11. d5 Nd4 12. Nge2 c5 13. h5 Nxh5 14. Rxh5 gxh5 15. Bg5 f6 16. Bh6 f5 17. exf5 Bxf5 18. Ng3 Bg6 19. Bg5 Qd7 20. Be3 b5 21. Nce4 h4 22. Ne2 Nxe2+ 23. Bxe2 bxc4 24. Qe1 Qa4 25. Qc3 Reb8 26. Bxc4 Rb4 27. Nxd6 e4 28. Bb3 Bxc3 29. Bxa4 Bxb2+ 0-1

[Event "ALG-ch"]
[Site "Algiers"]
[Date "2013.04.29"]
[Round "4"]
[White "Aknouche, Amer"]
[Black "Bengherabi, Khalil"]
[Result "0-1"]
[WhiteElo "2110"]
[BlackElo "2106"]
[PlyCount "86"]
[EventDate "2013.04.27"]
[EventType "tourn"]
[EventRounds "9"]
[EventCountry "ALG"]
[SourceTitle "CBM 154 Extra"]
[Source "ChessBase"]
[SourceDate "2013.06.25"]
[SourceVersion "2"]
[SourceVersionDate "2013.06.25"]
[SourceQuality "1"]

1. d4 Nf6 2. Nf3 e6 3. e3 b6 4. Bd3 Bb7 5. 0-0 c5 6. Nbd2 Be7 7. b3 0-0 8. Bb2 d6 9. e4 cxd4 10. Nxd4 Nbd7 11. f3 d5 12. e5 Nxe5 13. Nxe6 fxe6 14. Bxe5 Nd7 15. Bg3 Nc5 16. Qe2 Bf6 17. Rad1 Nxd3 18. Qxd3 Rc8 19. c4 dxc4 20. Qe2 c3 21. Ne4 Bd5 22. Nd6 c2 23. Rc1 Rc6 24. Ne4 Bxe4 25. fxe4 Bd4+ 26. Bf2 Bxf2+ 27. Rxf2 Qd4 28. Kf1 Rxf2+ 29. Qxf2 Qxe4 30. Qd2 h6 31. h4 Rc5 32. a4 a5 33. Kg1 Kh7 34. g3 Qf3 35. Kh2 Qxb3 36. Qe2 Qc4 37. Qe3 e5 38. Kh3 e4 39. Qf4 Qe6+ 40. Kg2 e3 41. Qd4 e2 42. Qd3+ Kg8 43. Kf2 e1Q+ 0-1

[Event "ALG-ch"]
[Site "Algiers"]
[Date "2013.04.27"]
[Round "1"]
[White "Aknouche, Amer"]
[Black "Arab, Adlane"]
[Result "0-1"]
[WhiteElo "2110"]
[BlackElo "2445"]
[PlyCount "96"]
[EventDate "2013.04.27"]
[EventType "tourn"]
[EventRounds "9"]
[EventCountry "ALG"]
[SourceTitle "CBM 154 Extra"]
[Source "ChessBase"]
[SourceDate "2013.06.25"]
[SourceVersion "2"]
[SourceVersionDate "2013.06.25"]
[SourceQuality "1"]

1. d4 Nf6 2. Nf3 e6 3. e3 b6 4. Bd3 Bb7 5. Nbd2 c5 6. 0-0 Be7 7. b3 0-0 8. Bb2 Nc6 9. a3 Rc8 10. Qe2 cxd4 11. exd4 Nd5 12. g3 Nf6 13. Rac1 Re8 14. Ne5 d6 15. Ng4 e5 16. d5 Nb8 17. Nxf6+ Bxf6 18. c4 Nd7 19. Bf5 Rc7 20. Ne4 Be7 21. f4 g6 22. Bxd7 Rxd7 23. fxe5 dxe5 24. Bxe5 f5 25. Nf2 Bc5 26. Qb2 Rxd5 27. Bf4 Qd7 28. Rce1 Rxe1 29. Rxe1 Rd4 30. Qe2 Re4 31. Qd2 Rxe1+ 32. Qxe1 Qc6 33. Kf1 Qg2+ 34. Ke2 Bf3+ 35. Kd3 Kf7 36. Be3 Be4+ 37. Nxe4 Qxe4+ 38. Kd2 Bxa3 39. Qa1 Bb4+ 40. Ke2 Bc5 41. Qc3 a5 42. Qd3 Qxd3+ 43. Kxd3 Bxe3 44. Kxe3 Ke6 45. Kf4 Kf6 46. h4 h6 47. Kf3 Ke5 48. Ke3 g5 0-1

[Event "ALG-ch"]
[Site "Algiers"]
[Date "2013.04.27"]
[Round "2"]
[White "Aknouche, Amer"]
[Black "Nassr, Ali"]
[Result "0-1"]
[WhiteElo "2110"]
[BlackElo "2050"]
[PlyCount "73"]
[EventDate "2013.04.27"]
[EventType "tourn"]
[EventRounds "9"]
[EventCountry "ALG"]
[SourceTitle "CBM 154 Extra"]
[Source "ChessBase"]
[SourceDate "2013.06.25"]
[SourceVersion "2"]
[SourceVersionDate "2013.06.25"]
[SourceQuality "1"]

1. d4 Nf6 2. Nf3 e6 3. e3 b6 4. Bd3 Bb7 5. Nbd2 c5 6. 0-0 cxd4 7. exd4 Be7 8. b3 0-0 9. Bb2 d6 10. c4 Nbd7 11. Re1 Re8 12. Ng5 Bf8 13. f4 g6 14. Nge4 Nh5 15. g3 f5 16. Nf2 Bg7 17. Be2 Nhf6 18. Bf3 Qc7 19. Bxb7 Qxb7 20. Qf3 d5 21. Nd3 Ne4 22. Rad1 Nxd2 23. Rxd2 Nf6 24. Rc2 Ne4 25. Rec1 dxc4 26. bxc4 Red8 27. Ne5 Bxe5 28. fxe5 Rac8 29. g4 Kh8 30. gxf5 gxf5 31. d5 Rg8+ 32. Kh1 Rxc4 33. Qd3 Rxc2 34. Rxc2 Nc5 35. Qf3 Ne4 36. Rc6 Qd7 37. Qxf5 0-1

[Event "ALG-ch sf"]
[Site "Sidi Bel Abbes"]
[Date "2013.03.31"]
[Round "9"]
[White "Aknouche, Amer"]
[Black "Abdelali, Abdallah"]
[Result "1/2-1/2"]
[WhiteElo "2110"]
[BlackElo "2112"]
[PlyCount "82"]
[EventDate "2013.03.27"]
[EventType "swiss"]
[EventRounds "9"]
[EventCountry "ALG"]
[SourceTitle "CBM 153 Extra"]
[Source "ChessBase"]
[SourceDate "2013.04.22"]
[SourceVersion "1"]
[SourceVersionDate "2013.04.22"]
[SourceQuality "1"]

1. d4 c5 2. e3 e6 3. Nf3 b6 4. Bd3 Bb7 5. 0-0 Nf6 6. Nbd2 Be7 7. b3 d6 8. Bb2 Nbd7 9. e4 cxd4 10. Nxd4 0-0 11. f4 a6 12. Qe2 Qc7 13. c4 Rfe8 14. f5 Bf8 15. fxe6 fxe6 16. Rac1 Rad8 17. N2f3 e5 18. Nf5 Nc5 19. Nd2 b5 20. Ng3 Nxd3 21. Qxd3 bxc4 22. Qxc4+ Qxc4 23. bxc4 Nd7 24. Bc3 Nc5 25. Rb1 Rb8 26. Ba5 Bc6 27. Rb6 Rxb6 28. Bxb6 Rb8 29. Bxc5 dxc5 30. Rb1 Rxb1+ 31. Nxb1 g6 32. Nc3 Bh6 33. Kf2 Bc1 34. Nge2 Bb2 35. Ke3 Kf7 36. Kd3 h5 37. h4 Ba3 38. Nd5 Bb2 39. Nec3 Bc1 40. Nc7 a5 41. N3b5 Bf4 1/2-1/2

[Event "ALG-ch sf"]
[Site "Sidi Bel Abbes"]
[Date "2013.03.28"]
[Round "4"]
[White "Slimani, Anis"]
[Black "Aknouche, Amer"]
[Result "0-1"]
[WhiteElo "2042"]
[BlackElo "2110"]
[PlyCount "61"]
[EventDate "2013.03.27"]
[EventType "swiss"]
[EventRounds "9"]
[EventCountry "ALG"]
[SourceTitle "CBM 153 Extra"]
[Source "ChessBase"]
[SourceDate "2013.04.22"]
[SourceVersion "1"]
[SourceVersionDate "2013.04.22"]
[SourceQuality "1"]

1. e4 c5 2. c3 Nf6 3. e5 Nd5 4. d4 cxd4 5. Nf3 Nc6 6. cxd4 d6 7. Bc4 Nb6 8. Bb3 d5 9. Nh4 e6 10. Nf3 Be7 11. 0-0 0-0 12. Nc3 f6 13. exf6 Bxf6 14. Bc2 Qe8 15. Ng5 g6 16. Nf3 Bg7 17. Re1 Qf7 18. Nb5 a6 19. Nd6 Qd7 20. Nxc8 Raxc8 21. Bb3 Nc4 22. Bxc4 dxc4 23. Be3 b5 24. Qe2 Qd5 25. a3 Rce8 26. Rad1 Qh5 27. Ne5 Qxe2 28. Rxe2 Ne7 29. Nd7 Rf7 30. Nc5 Nc6 31. g4 0-1

[Event "ALG-ch sf"]
[Site "Sidi Bel Abbes"]
[Date "2013.03.27"]
[Round "2"]
[White "Amellal, Sofiane Anis"]
[Black "Aknouche, Amer"]
[Result "0-1"]
[WhiteElo "1821"]
[BlackElo "2110"]
[PlyCount "66"]
[EventDate "2013.03.27"]
[EventType "swiss"]
[EventRounds "9"]
[EventCountry "ALG"]
[SourceTitle "CBM 153 Extra"]
[Source "ChessBase"]
[SourceDate "2013.04.22"]
[SourceVersion "1"]
[SourceVersionDate "2013.04.22"]
[SourceQuality "1"]

1. e4 c5 2. Nf3 Nc6 3. d4 cxd4 4. Nxd4 Nf6 5. Nc3 e5 6. Ndb5 d6 7. Nd5 Nxd5 8. exd5 Nb8 9. c4 Be7 10. Be2 Nd7 11. Be3 a6 12. Nc3 0-0 13. 0-0 f5 14. f3 b6 15. b4 Ra7 16. Qb3 Bg5 17. Nd1 Bxe3+ 18. Nxe3 Qg5 19. Nc2 a5 20. a3 Rc7 21. f4 Qf6 22. fxe5 Nxe5 23. Rad1 a4 24. Qa2 Bd7 25. Rf4 g5 26. Rfd4 f4 27. Ne1 g4 28. Bf1 h5 29. R1d2 Be8 30. Rf2 f3 31. gxf3 Nxf3+ 32. Nxf3 gxf3 33. Qd2 Rg7+ 0-1

[Event "Arab Cities-chT"]
[Site "Cairo"]
[Date "2009.10.28"]
[Round "5"]
[White "Al Zayat, Ahmed"]
[Black "Aknouche, Amer"]
[Result "0-1"]
[WhiteElo "1972"]
[BlackElo "2121"]
[PlyCount "71"]
[EventDate "2009.10.25"]
[EventType "team-tourn"]
[EventRounds "9"]
[EventCountry "EGY"]
[SourceTitle "EXT 2010"]
[Source "ChessBase"]
[SourceDate "2010.11.25"]
[SourceVersion "1"]
[SourceVersionDate "2010.11.25"]
[SourceQuality "1"]
[WhiteTeam "Tripoli"]
[BlackTeam "Constantine"]
[WhiteTeamCountry "LBY"]
[BlackTeamCountry "ALG"]

1. Nf3 Nf6 2. g3 d6 3. Bg2 e5 4. d3 Be7 5. 0-0 h6 6. e4 Bg4 7. Re1 Nc6 8. c3 Qd7 9. Nbd2 0-0 10. a4 a5 11. Nc4 Nh7 12. h4 Be6 13. Ne3 f5 14. exf5 Bxf5 15. Nxf5 Qxf5 16. Qb3+ Kh8 17. Qxb7 Qd7 18. Qb5 Rab8 19. Nxe5 dxe5 20. Qxc6 Qf5 21. Be3 Bd6 22. Be4 Qh3 23. Bxh7 Kxh7 24. Qe4+ Kh8 25. Re2 Rf5 26. d4 Rbf8 27. c4 exd4 28. Bxd4 c5 29. Be3 Re5 30. Qg2 Qg4 31. Rd2 Rxe3 32. Rxd6 Rxf2 33. Qa8+ Kh7 34. Kxf2 Qxg3+ 35. Kf1 Qf4+ 36. Kg1 0-1